UK Towns Quiz - Aberdeenshire - Scotland - Statistics

General Stats
  • This quiz has been taken 107 times
  • The average score is 25 of 49
Answer Stats
Clue Town Population % Correct
A Aberdeen 192,956
97%
P Peterhead 19,791
95%
I Inverurie 15,106
91%
S Stonehaven 11,177
85%
B Banchory 7,581
82%
F Fraserburgh 12,921
81%
E Ellon 10,126
80%
W Westhill 11,750
78%
B Banff 3,968
77%
H Huntly 4,632
74%
T Turriff 4,602
74%
O Oldmeldrum 3,174
70%
A Aboyne 2,937
69%
P Portlethen 8,969
69%
B Ballater 1,381
68%
D Dyce 7,001
65%
I Insch 2,685
65%
K Kintore 4,555
64%
K Kemnay 3,873
62%
A Alford 2,792
57%
M Macduff 3,791
57%
B Balmedie 2,396
54%
N Newburgh 1,652
51%
L Laurencekirk 3,280
50%
M Mintlaw 2,837
50%
I Inverbervie 2,279
49%
P Peterculter 4,359
47%
P Portsoy 1,727
47%
N Newmachar 2,522
45%
P Pitmedden 1,381
43%
B Blackburn 2,992
42%
C Cruden Bay 1,585
42%
D Drumoak 1,006
36%
N Newtonhill 3,178
36%
T Torphins 1,315
35%
C Cove Bay 7,927
34%
M Milltimber 3,053
32%
K Kingswells 4,781
31%
T Tarves 1,016
26%
S St Cyrus 1,175
23%
A Aberchirder 1,187
22%
B Boddam 1,326
22%
L Longside 1,011
22%
W Whitehills 1,037
22%
I Inverallochy and Cairnbulg 1,409
19%
R Rothienorman 1,087
18%
N New Pitsligo 1,096
16%
R Rosehearty 1,249
16%
C Countesswells 1,419
9%
No matching quizzes found
Score Distribution
Percent of People with Each Score
Percentile by Number Answered
Your Score History
You have not taken this quiz